| 000 | 00573nam a2200169Ia 4500 | ||
|---|---|---|---|
| 003 | GCL | ||
| 008 | 140319s9999 xx 000 0 ara d | ||
| 040 |
_aGCL / _cGCL |
||
| 082 | 0 | 4 |
_a254.1 _bم ت |
| 100 | 1 | _aمحمود مهدى الاستانبولى | |
| 245 | 1 | 0 |
_aتحفة العروس او الزواج الاسلامى السعيد / _cمحمود مهدى الاستانبولى |
| 260 |
_a[S.N] : _bالمكتبة الاسلامية ، _c1990 |
||
| 300 | _a576 ص | ||
| 490 |
_aموسوعة علمية بناءة _v0 |
||
| 650 | 0 | 4 | _aالزواج |
| 942 |
_2ddc _cBK |
||
| 999 |
_c51556 _d51556 |
||